Central Library OPAC University of Rajshahi

Cytogenetics / (Record no. 11136)

MARC details
000 -LEADER
fixed length control field 01005nam a2200289 a 4500
001 - CONTROL NUMBER
control field 11136
003 - CONTROL NUMBER IDENTIFIER
rucl marc code BD-RjUL
005 - DATE AND TIME OF LATEST TRANSACTION
control field 20211208235057.0
008 - FIXED-LENGTH DATA ELEMENTS--GENERAL INFORMATION
fixed length control field 140126s1967 njua b 001 0 eng
035 ## - SYSTEM CONTROL NUMBER
System control number (BD-RjUL)11185
System control number (OCoLC)319345
040 ## - CATALOGING SOURCE
Original cataloging agency DLC
Transcribing agency OTifH
Modifying agency OCoLC
-- OClW-H
-- OCoLC
-- Uk
-- DLC
-- BD-RjUL
Language of cataloging eng
041 ## - LANGUAGE CODE
Language code of text/sound track or separate title eng
082 ## - DEWEY DECIMAL CLASSIFICATION NUMBER
Classification number 572.8
Author mark and year SWC 1967
100 1# - MAIN ENTRY--PERSONAL NAME
Personal name Swanson, Carl P.
9 (RLIN) 34444
245 10 - TITLE STATEMENT
Title Cytogenetics /
Statement of responsibility, etc. by Carl P. Swanson, Timothy Merz and William J. Young.
260 ## - PUBLICATION, DISTRIBUTION, ETC. (IMPRINT)
Place of publication, distribution, etc. Englewood Cliffs, N.J. :
Name of publisher, distributor, etc. Prentice-Hall,
Date of publication, distribution, etc. c1967, [Printing 1973]
300 ## - PHYSICAL DESCRIPTION
Pagination xii, 194 p. :
Illustrations illus. ;
Size 24 cm.
490 1# - SERIES STATEMENT
Series statement Foundations of modern genetics series
504 ## - BIBLIOGRAPHY, ETC. NOTE
Bibliography, etc Includes bibliographical references and index.
650 #0 - SUBJECT ADDED ENTRY--TOPICAL TERM
Topical term or geographic name as entry element Cytogenetics.
9 (RLIN) 34168
700 1# - ADDED ENTRY--PERSONAL NAME
Personal name Merz, Timothy,
Personal name Young, William J.
Fuller form of name (William Johnson),
Dates associated with a name 1925-
830 #0 - SERIES ADDED ENTRY--UNIFORM TITLE
Uniform title Prentice-Hall foundations of modern genetics series.
942 ## - ADDED ENTRY ELEMENTS (KOHA)
Source of classification or shelving scheme Dewey Decimal Classification
Koha item type Books
Holdings
Lost status Source of classification or shelving scheme Damaged status Not for loan Collection code Permanent Location Current Location Shelving location Date acquired Source of acquisition Cost, normal purchase price Total Checkouts Full call number Date last seen Date checked out Copy number Koha item type
  Dewey Decimal Classification   Not For Loan Non-fiction Central Library, University of Rajshahi Central Library, University of Rajshahi Reading Room 19/04/1977 Heffer and Sons 4.35 1 572.8 SWC 1967 14/06/2015 10/06/2015 C-1 Books
  Dewey Decimal Classification     Non-fiction Central Library, University of Rajshahi Central Library, University of Rajshahi   19/04/1977 Heffers and Sons 4.35   572.8 SWC 1967 24/11/2018   C-2 Books
  Dewey Decimal Classification     Non-fiction Central Library, University of Rajshahi Central Library, University of Rajshahi   04/02/1973 Provincial Book Dept. 35.55   572.8 SWC 1967 22/12/2018   C-3 Books
  Dewey Decimal Classification     Non-fiction Central Library, University of Rajshahi Central Library, University of Rajshahi   30/04/1974 Aligarh library,Rajshahi 14.25   572.8 SWC 1973 30/01/2019   C-4 Books